Spravočnik čechoslovackoj vnešnej torgovli 1986

Gespeichert in:
Bibliographische Detailangaben
Format: Buch
Sprache:Russisch
Veröffentlicht: Praga Čechoslovackaja torgovo-promyšlennaja palata 1986
Ausgabe:1. izd.
Tags: Tag hinzufügen
Keine Tags, Fügen Sie das erste Tag hinzu!

MARC

LEADER 00000nam a2200000 4500
001 c031281
005 20250509082301.5
041 0 |a rus 
044 |a CZ 
245 1 0 |a Spravočnik čechoslovackoj vnešnej torgovli 1986 
250 |a 1. izd. 
264 1 |a Praga  |b Čechoslovackaja torgovo-promyšlennaja palata  |c 1986 
300 |a 237 s.